01243nam a2200229 a 4500003000900000005001700009007000300026008004100029020001800070040002500088082001300113245012500126260003200251504002600283505042500309700004000734710006900774910001100843942001400854952012800868999001700996DO-SdBNP20250221073756.0ta220914e20152017dr adb|fr|||| 001 0 spa d a9789945898460 aDO-SdBNPbspacBNPHU 4222bE96c00aExportaciones en cifras República Dominicana 2015 - 2017. /cEdición/ corrección literaria, Alicia Delgado Mestres aSanto Domimgo :bONE,c2017 aBibliografía: p. 41 aPresentación.tResumen ejecutivo.--tIntroducción.--t1. Contexto general.--t2. Resultados generales.--t2.1 Exportaciones dominicanas y empresas exportadoras.--t2.1.1 Exportaciones dominicanas.--t2.1.2 Empresas exportadoras.--t2.2 Destino de las exportaciones dominicanas.--t2.3 Régimen de las exportaciones.--t2.4 Principales productos exportados.t2.5 Tipo de transporte de las exportaciones dominicanas.1 973478aDelgado Mestres, Aliciaeed.1 aRepública Dominicana.bOficina Nacional de Estadística95775 aMFeliz 2ddccLBS1 00102ddc51708PDaBNPHUbBNPHUcCTd2019-12-13eDepósito legal / ONEl0oE96cp2022-3931r2022-09-14w2022-09-14yLBS1 c52389d52389